| 000 | 00876nam a22002417a 4500 | ||
|---|---|---|---|
| 005 | 20100817163831.0 | ||
| 010 | _aENG-100740 | ||
| 020 |
_a9788124604564 _c80.00 |
||
| 020 |
_a812460456 _c80.00 |
||
| 035 | _aEN-84273 | ||
| 037 | _bDBAD/PUB | ||
| 082 | _a220 | ||
| 100 |
_aSingh, G. P. _914502 |
||
| 245 |
_aHistoricity of Rama and Krsna : _bliterary, historical, archaeological and scientific perspectives / _hby G. P. Singh |
||
| 260 |
_aNew Delhi _bD.K. Printworld _c2008 |
||
| 270 |
_aSri Kunj, F-52, Bali Nagar, Ramesh Nagar Metro Station _bNew Delhi _e110015 |
||
| 300 |
_a49p. _c21cm (pbk) |
||
| 500 | _aIncludes bibliographical references | ||
| 650 |
_aHinduism _9612 |
||
| 650 |
_aVedic literature _914503 |
||
| 942 |
_2ddc _cEN _h220 _mSIN |
||
| 999 |
_c42326 _d42326 |
||